Countries that own the most Foreign Currency - Statistics

General Stats
  • This quiz has been taken 354 times
  • The average score is 22 of 30
Answer Stats
Foreign Exchange Reserves Answer % Correct
136,225 United States
99%
3,311,589 China
96%
67,077 Germany
96%
110,947 United Kingdom
96%
54,480 France
94%
475,650 Russia
93%
264,620 India
92%
1,219,728 Japan
91%
370,310 Brazil
88%
69,192 Canada
88%
50,370 Italy
86%
164,594 Mexico
86%
322,601 South Korea
84%
59,765 Sweden
80%
101,273 Indonesia
77%
55,599 Norway
76%
657,839 Saudi Arabia
75%
104,024 Turkey
71%
469,064 Switzerland
70%
81,740 Denmark
67%
171,459 Thailand
66%
101,827 Poland
65%
138,367 Malaysia
64%
258,925 Singapore
63%
401,890 Taiwan
60%
78,398 Israel
54%
74,971 Philippines
49%
63,336 Peru
33%
46,972 Hungary
28%
304,668 Hong Kong
14%
No matching quizzes found
Score Distribution
Percent of People with Each Score
Percentile by Number Answered
Your Score History
You have not taken this quiz